Schooling for sustainable development in Africa (Record no. 57066)

MARC details
000 -LEADER
fixed length control field 00901nam a2200217 a 4500
008 - FIXED-LENGTH DATA ELEMENTS--GENERAL INFORMATION
fixed length control field 170728s2017 ||||||||||||||||| || u
020 ## - INTERNATIONAL STANDARD BOOK NUMBER
International Standard Book Number 9783319459875
050 ## - LIBRARY OF CONGRESS CALL NUMBER
Classification number GE 90.Z9 Sch
100 ## - MAIN ENTRY--PERSONAL NAME
Personal name Lotz-Sisitka, Heila
245 10 - TITLE STATEMENT
Title Schooling for sustainable development in Africa
Statement of responsibility, etc. Edited By Heila Lotz-Sisitka, Overson Shumba, Justin Lupele [and] Di Wilmot
260 ## - PUBLICATION, DISTRIBUTION, ETC.
Place of publication, distribution, etc. Switzerland:
Name of publisher, distributor, etc. Springer International Publishing
Date of publication, distribution, etc. 2017
300 ## - PHYSICAL DESCRIPTION
Extent xvii, 289p.: ill.
350 ## - PRICE (NR) (BK AM CF MU VM SE) [OBSOLETE]
Price 119.00
490 ## - SERIES STATEMENT
Series statement Schooling for sustainable development
650 ## - SUBJECT ADDED ENTRY--TOPICAL TERM
Topical term or geographic name entry element SUSTAINABLE DEVELOPMENT--STUDY AND TEACHING--AFRICA
650 ## - SUBJECT ADDED ENTRY--TOPICAL TERM
Topical term or geographic name entry element ENVIRONMENTAL EDUCATION--AFRICA
700 ## - ADDED ENTRY--PERSONAL NAME
Personal name Lupele, Justin
700 ## - ADDED ENTRY--PERSONAL NAME
Personal name Shumba, Overson
700 ## - ADDED ENTRY--PERSONAL NAME
Personal name Wilmot, Di
995 ## - RECOMMENDATION 995 [LOCAL, UNIMARC FRANCE]
-- CBU-MAIN LIBRARY (Kitwe)
-- 119.00
-- 1
-- AVAILABLE
-- Jul 28, 2017
-- Main Library Open Access Collection
Holdings
Withdrawn status Lost status Source of classification or shelving scheme Damaged status Not for loan Home library Current library Shelving location Date acquired Total Checkouts Full call number Barcode Date last seen Price effective from Koha item type
          CBU-MAIN LIBRARY, KITWE. CBU-MAIN LIBRARY, KITWE.   11/30/2022   GE 90.Z9 Sch 747734 11/30/2022 11/30/2022 MONOGRAPH